| 000 | 01532nam a2200301 4500 | ||
|---|---|---|---|
| 003 | EC-UNACH | ||
| 005 | 20251028112317.0 | ||
| 006 | s||||gr|||| 00| 00 | ||
| 008 | 150116t9999 mx r gr 000 0 spa d | ||
| 020 | _a978-9942-45-3631 | ||
| 040 |
_aEC-UNACH _cEC-UNACH |
||
| 041 | _aspa | ||
| 082 | 0 | 4 |
_223 _a302.2 _bL017902 |
| 110 | _aOffset Grafimundo | ||
| 245 | _aAmbición y Crimen | ||
| 250 | _aPrimera edición | ||
| 264 |
_aEcuador _bOffset Grafimundo _c2024 |
||
| 300 | _a209 | ||
| 505 | _a- Una parte de la planificación familiar - Como eliminar la gastritis en diez días - Como eliminar la ulcera en 15 días - Como prevenir los paros cardiacos - Como prevenir el cáncer - Tratamiento para el cáncer - Como eliminar los cálculos de la vesícula y riñones - Como mantener el hígado sano - Como eliminar la enfermedad del ojo de un bebe - En el caso de quebradura de hueso , como llegar a una pronta recuperación de 6 a 7 meses - Para evita el desarrollo de la cabeza del feto - Para eliminar la diabetes - como eliminar el colesterol - Para la tos por un resfrió - Par eliminar el reumatismo o dolor de huesos - En caso de cólicos - En caso de quemaduras , como llegar a una pronta recuperación. | ||
| 650 | _aFigura literaria | ||
| 650 | _aQue comportamiento hace dudar | ||
| 650 | _aQue planifica un mal empresario | ||
| 700 | _aFrancisco Emi Ochoa | ||
| 942 |
_2ddc _c1 |
||
| 999 | _c14101 | ||